|
|
|
|
| LEADER |
00883nam a2200217 a 4500 |
| 001 |
11849 |
| 008 |
130531b ge b 000 0 eng d |
| 020 |
|
|
|a 3822893005
|
| 040 |
|
|
|a BD-DhAAL
|c BD-DhAAL.
|
| 082 |
0 |
0 |
|a 724.19
|
| 100 |
1 |
|
|a Charpentrat, Pierre.
|
| 245 |
1 |
0 |
|a Baroque :
|b Italy and Central Europe /
|c text by Pierre Charpentrat ; photographs by Peter Heman ; preface by Hans Scharoun [English translation, Carol Brown].
|
| 260 |
|
|
|a Germany :
|b Benedikt Taschen.
|
| 300 |
|
|
|a 192 p. :
|b ill.
|c 21 cm.
|
| 490 |
0 |
|
|a Architecture of the world.
|
| 541 |
|
|
|e 11849
|
| 650 |
|
4 |
|a Argitektuur, Barok
|
| 700 |
1 |
|
|a Stierlin, Henri. (editor of the series).
|
| 852 |
1 |
|
|a Ayesha Abed Library
|j General shelf.
|
| 999 |
|
|
|c 13525
|d 13525
|
| 952 |
|
|
|0 0
|1 0
|4 0
|6 724_190000000000000_CHA
|7 0
|9 22583
|a BRACUL
|b BRACUL
|c GEN
|d 2013-06-01
|l 3
|m 10
|o 724.19 CHA
|p 3010011849
|r 2019-10-13
|s 2019-10-02
|t 1
|w 2013-06-01
|y BK
|